| 000 | 00819nam a22002537a 4500 | ||
|---|---|---|---|
| 001 | 3813 | ||
| 003 | FISKH | ||
| 005 | 20240521083040.0 | ||
| 008 | 240510b cb ||||| |||| 00| 0 eng d | ||
| 040 |
_aFISK _beng _cFISK _dFISK |
||
| 050 | _aPZ7.S1185 | ||
| 082 | _a813.54 | ||
| 100 |
_aSachar Louis _d1954- |
||
| 245 |
_aSixth grade secrets / _cLouis Sachar |
||
| 260 |
_aNew York : _bScholastic, _c1987 |
||
| 300 |
_a201 pages : _c20 cm |
||
| 505 | _aH | ||
| 520 | _aWhen Laura Sibbie starts a club called Pig City, she incites a near-war among her sixth-grade classmates and generates the creation of a rival club that has designs on Pig City's precious box of secrets. | ||
| 521 | 8 |
_a520 _bLexiles |
|
| 521 | 8 |
_aH _bRaz-Plus |
|
| 700 | _aLouis Sachar | ||
| 942 |
_2ddc _cBK _n0 |
||
| 999 |
_c3813 _d3813 |
||